Charades - Statistiques

Statistiques générales
  • Ce quiz a été pris 466 fois
    138 depuis la dernière actualisation
  • Le résultat moyen est 12 sur 20
Statistiques - réponses
Indice Mot % Correct
Mon premier est un animal de compagnie très apprécié par l'homme Chat
99%
Mon dernier est un chiffre, résultat de 51-49 Deux
97%
Mon premier est sur quoi on vit Terre
94%
Mon tout est l'objectif du quiz Charade
91%
Mon second est le symbole d'être radin Rat
91%
Mon premier est l’onomatopée de la vache Meuh
87%
Mon dernier est un terme péjoratif pour parler de quelqu'un de petit Minus
80%
Mon tout est la fin d'une ligne de transport Terminus
79%
Mon second est une conjonction de coordination ou
72%
Mon premier est l'abréviation de "connexions" Co
66%
Mon tout est utile en prison Menottes
61%
Mon dernier est essentiel dans une partition Notes
60%
Mon premier est le deuxième chiffre existant Un
51%
Mon tout est un serpent pas très commode Cobra
49%
Mon dernier est une partie du corps essentielle au dessus de la taille Bras
48%
Mon dernier est un gout très apprécié et se reconnait grâce a sa couleur verte Menthe
26%
Mon second est une somme reçu notamment si l'on retrouve un coupable Prime
24%
Mon tout ne fonctionne qu'avec des feuilles et de l'encre Imprimante
21%
Mon premier est un oiseau migrateur des champs et des prés Caille
5%
Mon tout est présent partout à l'extérieur Cailloux
5%
Aucun quiz correspondant
Distribution des résultats
% des personnes avec chaque résultat
Percentile par nombre de réponses
Votre historique - résultats
Vous n’avez pas pris ce quiz depuis la dernière actualisation